【サドンデス】10万人以上の選択肢を選んでください - Statistics

General Stats
  • This quiz has been taken 74 times
  • The average score is 3 of 15
Answers on the Grid
Answers color-coded by a green-red scale on the quiz's grid according to % correct below.
令和6年の帰化許可者数
第二次世界大戦での米軍の犠牲者数
金沢駅の乗車人員(1日平均)
大島空港の年間利用者数
Apple社の正社員数
ゴー☆ジャスのYouTubeチャンネル登録者数
大学院修士課程在学者(日本)
2025年の東京マラソン参加者
マドゥラ語の母語話者数
スイスに在留する邦人数
美容師免許保有者数
2025年度の近畿大学の一般入試志願者数
小田原城の年間入城者数
海上自衛隊の定員数
全国の市区町村議員定数の合計
南極大陸の累計上陸者数
日本国内の在留インド人数(令和6年発表時点)
高専の学生数(国公私立合計)
リヒテンシュタインの人口
神奈川県・鎌倉市の人口
2024年夏の富士山入山者数
第一回コミケの参加者数
一級小型船舶免許証の受有者数
2024パリオリンピックに参加した選手数
MENSAの全世界での会員数
東京ドームの収容人数
映画「100日間生きたワニ」の観客動員数
日本のキリスト教信者数
日本の刑事施設に収容されている受刑者数
常備消防機関の消防職員数
 
Answer Stats
Answer % Correct
第二次世界大戦での米軍の犠牲者数
58%
ゴー☆ジャスのYouTubeチャンネル登録者数
47%
神奈川県・鎌倉市の人口
33%
日本のキリスト教信者数
30%
Apple社の正社員数
21%
MENSAの全世界での会員数
16%
2024年夏の富士山入山者数
14%
大学院修士課程在学者(日本)
9%
映画「100日間生きたワニ」の観客動員数
9%
2025年度の近畿大学の一般入試志願者数
9%
小田原城の年間入城者数
5%
南極大陸の累計上陸者数
5%
一級小型船舶免許証の受有者数
5%
マドゥラ語の母語話者数
0%
常備消防機関の消防職員数
0%
No matching quizzes found
Score Distribution
Percent of People with Each Score
Percentile by Number Answered
Your Score History
You have not taken this quiz